01329cam a2200349 a 450000100090000000300050000900500170001400800410003101000170007202000340008903500240012303800110014704000570015804300120021505000240022708200150025110000160026624500970028224600350037925000120041426000430042630000210046965000370049065000270052765000410055465000500059565100310064565500250067685601060070185600910080785600810089816350827Nust20180702073013.0100727s2010 nyu 000 f eng  a 2010029210 a9781408802205 (pbk)cRs. 1076 a(OCoLC)ocn606786158 aArshad aDLCcDLCdYDXdBTCTAdYDXCPdCDXdORXdVP@dHBPdDLC aa-cc-sm00aPS3624.U3bL67 201000a813.6bRUI1 aXu, Ruiyan.14aThe lost and forgotten languages of Shanghai =bZai Shanghai shi luo de yu yan /cRuiyan Xu.31aZai Shanghai shi luo de yu yan a1st ed. aNew York :bSt. Martin's Press,c2010. a341 p. ;c25 cm. 0aBrain damagexPatientsvFiction. 0aNeurologistsvFiction. 0aAmericanszChinazShanghaivFiction. 0aTriangles (Interpersonal relations)vFiction. 0aShanghai (China)vFiction. 7aLove stories.2gsafd423Contributor biographical informationuhttp://www.loc.gov/catdir/enhancements/fy1112/2010029210-b.html423Publisher descriptionuhttp://www.loc.gov/catdir/enhancements/fy1112/2010029210-d.html413Sample textuhttp://www.loc.gov/catdir/enhancements/fy1112/2010029210-s.html